The Late Sir William Jones Founder and President of the Asiatic Society, Calcutta / (Record no. 1257166)

MARC details
000 -LEADER
fixed length control field 00995nam a2200301 a 4500
001 - CONTROL NUMBER
control field vtls001821167
003 - CONTROL NUMBER IDENTIFIER
control field NLI
005 - DATE AND TIME OF LATEST TRANSACTION
control field 20210629053702.0
008 - FIXED-LENGTH DATA ELEMENTS--GENERAL INFORMATION
fixed length control field 140216s1827 ii a 000 0 eng
039 #9 - LEVEL OF BIBLIOGRAPHIC CONTROL AND CODING DETAIL [OBSOLETE]
-- 201402160037
-- VLOAD
040 ## - CATALOGING SOURCE
Original cataloging agency NLI
Language of cataloging eng
Transcribing agency Entertech IMP - 2013
Description conventions AACR2
041 0# - LANGUAGE CODE
Language code of text/sound track or separate title eng
044 ## - COUNTRY OF PUBLISHING/PRODUCING ENTITY CODE
MARC country code ii
082 ## - DEWEY DECIMAL CLASSIFICATION NUMBER
Classification number 239
100 1# - MAIN ENTRY--PERSONAL NAME
Personal name Jones, William,
Titles and words associated with a name Sir
9 (RLIN) 757778
245 14 - TITLE STATEMENT
Title The Late Sir William Jones Founder and President of the Asiatic Society, Calcutta /
Statement of responsibility, etc. drawn on stone by P. Savinghac...[et al.]
260 ## - PUBLICATION, DISTRIBUTION, ETC.
Place of publication, distribution, etc. Calcutta :
Name of publisher, distributor, etc. Asiatic Litho Press,
Date of publication, distribution, etc. 1827
300 ## - PHYSICAL DESCRIPTION
Other physical details 25 ill. ;
Dimensions 25 X 34 cm.
500 ## - GENERAL NOTE
General note Front, port. (William Jones) Brittle ; T. P. missing, letter press at the bottom of each plate
650 #0 - SUBJECT ADDED ENTRY--TOPICAL TERM
Topical term or geographic name entry element Sinhalasa
9 (RLIN) 1144572
650 #0 - SUBJECT ADDED ENTRY--TOPICAL TERM
Topical term or geographic name entry element Jewish
General subdivision History
9 (RLIN) 1144573
700 1# - ADDED ENTRY--PERSONAL NAME
Personal name Savinghac, P
9 (RLIN) 1182005
887 ## - NON-MARC INFORMATION FIELD
Content of non-MARC field
901 ## - LOCAL DATA ELEMENT A, LDA (RLIN)
a IMP131044
902 ## - LOCAL DATA ELEMENT B, LDB (RLIN)
a 239 A 55.
949 ## - LOCAL PROCESSING INFORMATION (OCLC)
-- VIRTUAITEM
-- 10000
-- 100
6 IMP000131044ENG
942 ## - ADDED ENTRY ELEMENTS (KOHA)
Source of classification or shelving scheme Dewey Decimal Classification
Koha item type Books
Holdings
Withdrawn status Lost status Damaged status Not for loan Home library Current library Date acquired Total Checkouts Full call number Barcode Date last seen Price effective from Koha item type
        National Library of India National Library of India     239 A 55. IMP000131044ENG 29/06/2021 29/06/2021 Books
                                                                           
web counter

Copyright ©2020 The National Library of India, Govt. of India ↔ Hosted by NVLI, MOC ↔ Technology and Design by National Library of India, Ministry of Culture, Govt. of India